00350nam a2200133 a 45000010010000000030011000100080041000210350026000620820014000881000014001022450029001162600051001456500020001960000-8960ELIB.Books110520 1983  a(ELIB.Books)0000-9109 a260 bCCA aCCA - CTC aTradition and Innovation bSingapore: Christian Conference of Asia c1983 aSocial Theology